00402nam a2200145Ia 4500008004100000040001900041041001200060082002400072100001400096245004900110260004600159300002100205650002000226850001000246131103s9999 xx 000 0 und d aLoreto College aEnglish a891.433/CHAbLCLIB/ aChamanlal aPratinidhi Hindi Upanyasb Vol 2 cChamanlal aChandigarhbHaryana Sahitya Academyc1988 a171 p. c 18 cm. aHindi - Fiction aLCLIB